000 00312 a2200145 4500
001 48637
040 _cAnchieta - Bela Vista
100 _aBeatriz, Elza
240 1 0 _aPare no p da poesia
_lpor
245 1 0 _aPare no p da poesia
300 _a38
362 0 _a2013
650 4 _aLiteratura juvenil
942 _cBK
999 _c48637
_d48637